| 000 | 00796nam a2200253 4500 | ||
|---|---|---|---|
| 003 | LK-CoMWRAF | ||
| 005 | 20231207092346.0 | ||
| 008 | 231119b2006 |||||||| |||| 00| 0 eng d | ||
| 020 | _a0855985704 | ||
| 040 |
_aLK-CoMWRAF _dLK-CoMWRAF _eLK-CoMWRAF |
||
| 041 | _aeng | ||
| 082 |
_a305.42 _bMUK |
||
| 100 | _aMukhopadhyay, M. | ||
| 245 |
_aPolitics of the possible : _bgender mainstreaming and organisational change : experiences from the field |
||
| 260 |
_aOxford: _bOxfam publishing, _c2006 |
||
| 300 |
_a168 p.; 24 cm _bBibliography included |
||
| 650 | _aGENDER MAINSTREAMING | ||
| 650 | _aWomen in development | ||
| 650 | _aWomen's rights | ||
| 700 | _aSteehouwer, G. | ||
| 700 | _aWong, F. | ||
| 856 | _uhttps://bibalex.org/baifa/Attachment/Documents/113579.pdf | ||
| 942 | _cBK | ||
| 999 |
_c4151 _d4151 |
||